000 00853nam a22002055i 4500
001 164471
003 ES-MaACL
005 20250731001352.0
008 991124s1891 sp |||| | spa d
040 _aCCPB | B
_bspa
_cCCPB | B
100 1 _aSalvá, Anselmo,
_d1849-1922
_9102053
245 1 4 _aLas Cortes de 1392 en Burgos /
_cpor Anselmo Salvá.
260 _aBurgos :
_bimp. y lib. de Hijos de Santiago Rodriguez,
_c1891.
300 _a116 p. ;
_c20 cm.
610 1 4 _aCastilla (Corona).
_bCortes-
_y1392.
_9134233
651 4 _aCastilla (Reino)-
_xHistoria-
_y1390-1406, Enrique III
_97990
852 _aES-MaACL
_jT-811-F-4
_z-- Enc. hol., conservando la enc. original
_z-- Enc. en un vol. facticio
852 _aES-MaACL
_jT-555-F-1
_z-- Enc. hol., conservando la enc. original
_z-- Enc. en un vol. facticio
999 _c164471
_d164471